Mathematical methods for physics and engineering / (Record no. 3774)

MARC details
000 -LEADER
fixed length control field 00872cam a22002532 4500
001 - CONTROL NUMBER
control field 0000018620
005 - DATE AND TIME OF LATEST TRANSACTION
control field 20151217145906.0
008 - FIXED-LENGTH DATA ELEMENTS--GENERAL INFORMATION
fixed length control field 100223s xx 000 0 eng d
020 ## - INTERNATIONAL STANDARD BOOK NUMBER
International Standard Book Number 0521679718 :
040 ## - CATALOGING SOURCE
Original cataloging agency KABU
Transcribing agency KABU
100 1# - MAIN ENTRY--PERSONAL NAME
Personal name Riley, K. F.
-- 0000156978
245 10 - TITLE STATEMENT
Title Mathematical methods for physics and engineering /
Statement of responsibility, etc. K. F. Riley, M. P. Hobson and S. J. Bence.
250 ## - EDITION STATEMENT
Edition statement 3rd ed.
260 ## - PUBLICATION, DISTRIBUTION, ETC. (IMPRINT)
Place of publication, distribution, etc. Cambridge :
Name of publisher, distributor, etc. C. U. P.,
Date of publication, distribution, etc. 2006.
300 ## - PHYSICAL DESCRIPTION
Extent xxvii, 1333 p.
650 #0 - SUBJECT ADDED ENTRY--TOPICAL TERM
Topical term or geographic name as entry element Mathematical analysis.
-- 0000154569
700 1# - ADDED ENTRY--PERSONAL NAME
Personal name Hobson, M. P.
-- 0000156979
700 1# - ADDED ENTRY--PERSONAL NAME
Personal name Bence, S. J.
-- 0000156980
852 1# - LOCATION
-- p5990 KES (Set)
852 1# - LOCATION
-- p5990 KES (Set)
852 1# - LOCATION
-- p5990 KES (Set)
908 ## - PUT COMMAND PARAMETER (RLIN)
Put command parameter 100223
950 ## - LOCAL HOLDINGS (RLIN)
-- 1
Holdings
Withdrawn status Lost status Source of classification or shelving scheme Not for loan Home library Current library Date acquired Total Checkouts Total Renewals Full call number Barcode Date last seen Date last checked out Price effective from Koha item type
    Library of Congress Classification   Kabarak, Main Campus Kabarak, Main Campus 17/12/2015 5 1 QA300 .R55 2006 c. 1 18633 03/12/2019 22/11/2019 17/12/2015 General Collection
    Library of Congress Classification   Kabarak, Main Campus Kabarak, Main Campus 17/12/2015 3 1 QA300 .R55 2006 c. 3 18637 16/08/2023 11/07/2023 17/12/2015 General Collection
    Library of Congress Classification   Kabarak, Main Campus Kabarak, Main Campus 17/12/2015 8 3 QA300 .R55 2006 c. 2 18635 14/11/2019 25/10/2019 17/12/2015 General Collection
    Library of Congress Classification   Kabarak, Main Campus Kabarak, Main Campus 17/12/2015 4   QA300 .R55 2006 c. 4 19303 11/12/2019 26/11/2019 17/12/2015 General Collection
Designed with assistance from East African Informatics Ltd